Some factors affecting merging traffic on the outer ramps of highway interchanges /

Bibliographic Details
Main Author: Edwards, Harold M.
Corporate Authors: Ontario Joint Highway Research Programme, Queen's University (Kingston, Ont.). Department of Civil Engineering
Other Authors: Vardon, J. L.
Format: Book
Language:English
Published: Kingston, Ont. : Queen's University, 1968.
Series:C.E. report ; no. 54.
O.J.H.R.P. report ; no. 42.
Subjects:

MARC

Tag First Indicator Second Indicator Subfields
LEADER 00000cam a2200000 a 4500
001 in00000600708
005 20151014092122.0
008 860321s1968 onca b 00010 eng d
035 |a (OCoLC)13323277 
035 |9 ACQ8871AM 
040 |a EEV  |c EEV  |d m/c  |d TXA  |d UtOrBLW 
049 1 |a TXA2 
090 |a TE7  |b .O6 no. 42 
100 1 |a Edwards, Harold M. 
245 1 0 |a Some factors affecting merging traffic on the outer ramps of highway interchanges /  |c by H. M. Edwards and J. L. Vardon. 
264 1 |a Kingston, Ont. :  |b Queen's University,  |c 1968. 
300 |a ix, 112 leaves :  |b illustrations ;  |c 28 cm. 
336 |a text  |b txt  |2 rdacontent 
337 |a unmediated  |b n  |2 rdamedia 
338 |a volume  |b nc  |2 rdacarrier 
490 1 |a C.E. report ;  |v no. 54 
490 1 |a O.J.H.R.P. report ;  |v no. 42 
500 |a "A report of an investigation conducted in the Department of Civil Engineering, Queen's University in co-operation with the Department of Highways of Ontario on a part of the Ontario Joint Highway Research Programme." 
504 |a Bibliography : leaf 105. 
650 0 |a Traffic flow. 
650 0 |a Roads  |x Interchanges and intersections. 
650 0 |a Inclined planes. 
700 1 |a Vardon, J. L. 
710 2 |a Ontario Joint Highway Research Programme. 
710 2 |a Queen's University (Kingston, Ont.).  |b Department of Civil Engineering. 
830 0 |a C.E. report ;  |v no. 54. 
830 0 |a O.J.H.R.P. report ;  |v no. 42. 
999 |a MARS 
999 f f |s ed99f39c-be2a-3853-a753-925891ffba54  |i 6a4bdff0-031f-37d3-9891-0b1a19f91ca5  |t 0 
952 f f |p ric  |a Texas A&M University  |b Rellis Campus  |c Joint Library Facility  |d Remote Storage  |t 0  |e TE7 .O6 no. 42  |h Library of Congress classification  |i unmediated -- volume  |m A14810824217 
998 f f |a TE7 .O6 no. 42  |t 0  |l Remote Storage